000 00371nam a22001697a 4500
005 20260406131101.0
008 160627b xxu||||| |||| 00| 0 eng d
020 _a0-00-717113-7
041 _aeng
082 _b10419
100 _aAgatha Christie
_98921
245 _aPoirot
260 _bHarper Collins
_c2003
300 _a552
650 _aManagement
942 _cBK
999 _c4171
_d4170